Teoría y problemas de economía internacional (Registro nro. 3639)
[ vista simple ]
| 000 -LEADER | |
|---|---|
| fixed length control field | 01113 a2200217 4500 |
| 001 - CONTROL NUMBER | |
| control field | 42691 |
| 005 - DATE AND TIME OF LATEST TRANSACTION | |
| control field | 20260407155714.0 |
| 008 - FIXED-LENGTH DATA ELEMENTS--GENERAL INFORMATION | |
| fixed length control field | 260407a1977 arg spa d |
| 003 - CONTROL NUMBER IDENTIFIER | |
| control field | AR-UNSa-BCEJYS |
| 040 ## - CATALOGING SOURCE | |
| Original cataloging agency | AR-UNSa-BCEJYS |
| Language of cataloging | spa |
| Transcribing agency | AR-UNSa-BCEJYS |
| 080 ## - UNIVERSAL DECIMAL CLASSIFICATION NUMBER | |
| Universal Decimal Classification number | 339.9 |
| Common auxiliary subdivision | Economía internacional en general. Relaciones económicas internacionales. Economía mundial |
| 041 ## - LANGUAGE CODE | |
| Language code of text/sound track or separate title | spa |
| 100 1# - MAIN ENTRY--PERSONAL NAME | |
| Personal name | Stevenson, Haroldo Calvo |
| 245 10 - TITLE STATEMENT | |
| Title | Teoría y problemas de economía internacional |
| 264 #1 - PRODUCTION, PUBLICATION, DISTRIBUTION, MANUFACTURE, AND COPYRIGHT NOTICE | |
| Place of production, publication, distribution, manufacture | México : |
| Name of producer, publisher, distributor, manufacturer | Libros McGraw-Hill |
| Date of production, publication, distribution, manufacture, or copyright notice | 1977 |
| 300 ## - PHYSICAL DESCRIPTION | |
| Extent | 190 p. |
| Dimensions | 27 cm. |
| 505 ## - FORMATTED CONTENTS NOTE | |
| Formatted contents note | Tablas de Materias: 1. Introducción - 2. La teoría del comercio internacional la oferta - 3. La teoría del comercio internacional demanda y oferta - 4. Factores dinámicos en el comecio internacional. Crecimiento y desarrollo - 5. Resticciones al comercio: Aranceles - 6. La balanza de pagos - 7. El mercado de divisas - 8. Ajustes automatios de la balanza de pagos - 9. Políticas de ajuste - 10. El sistema monetario internacional |
| 590 ## - LOCAL NOTE (RLIN) | |
| Local note | niveau_biblio:m niveau_hierar:0 |
| 700 1# - ADDED ENTRY--PERSONAL NAME | |
| Personal name | Salvatore, Dominick |
| 942 ## - ADDED ENTRY ELEMENTS (KOHA) | |
| Koha item type | |
| Withdrawn status | Lost status | Damaged status | Not for loan | Home library | Current library | Shelving location | Date acquired | Total checkouts | Full call number | Barcode | Date last seen | Price effective from | Koha item type |
|---|---|---|---|---|---|---|---|---|---|---|---|---|---|
| Biblioteca Prof. Eusebio Cleto del Rey | Biblioteca Prof. Eusebio Cleto del Rey | 07/04/2026 | 339.9 S182 | L39355 | 07/04/2026 | 07/04/2026 | Libro |